[Event "M.SCLODOWSKA-CURIE"]
[Site "SchemingMind.com"]
[Date "2007.10.13"]
[Round "-"]
[White "Clive Everill"]
[Black "jesusch"]
[Result "1-0"]
[WhiteCountry "CZE"]
[BlackCountry "ESP"]
[WhiteElo "1677"]
[WhiteRD "55"]
[BlackElo "1786"]
[BlackRD "102"]
[GameID "123740"]

1. c4 e5 2. Nc3 Nc6 3. g3 Nf6 4. Bg2 Bb4 5. Ne4 O-O 6. Nxf6+ Qxf6 7. e3 d6 8. Ne2 Bf5 9. O-O Bd3 10. a3 Bc5
11. b4 Bb6 12. Bb2 Bxc4 13. d3 Be6 14. Bc3 Bg4 15. Qd2 Bf3 16. Nf4 Bxg2 17. Kxg2 Ne7 18. a4 c6 19. a5 Bc7 20. Nh3 Nd5
21. Bb2 Qg6 22. e4 Ne7 23. f4 f5 24. fxe5 dxe5 25. exf5 Nxf5 26. Rf2 Rad8 27. Re1 Nh4+ 28. Kh1 Nf3 29. Rxf3 Rxf3 30. Bxe5 Bxe5
31. Rxe5 Rfxd3 32. Qa2+ Kh8 33. Qc4 Rd1+ 34. Kg2 Qf6 35. Qf4 Qxf4 36. Nxf4 g6 37. Re7 R8d7 38. Re4 R7d4 39. Re8+ Kg7 40. Re7+ Kf6
41. Rxb7 h6 42. Rxa7 Rxb4 43. Ra6
1-0

[Event "M.SCLODOWSKA-CURIE"]
[Site "SchemingMind.com"]
[Date "2007.10.08"]
[Round "-"]
[White "Clive Everill"]
[Black "Francisco Aquino"]
[Result "1/2-1/2"]
[WhiteCountry "CZE"]
[BlackCountry "BRA"]
[WhiteElo "1633"]
[WhiteRD "59"]
[BlackElo "1725"]
[BlackRD "145"]
[GameID "123741"]

1. e4 e5 2. Bc4 Nf6 3. d3 Bc5 4. Bg5 O-O 5. Nf3 Re8 6. O-O c6 7. Nc3 d6 8. Na4 Bg4 9. Nxc5 dxc5 10. h3 Bh5
11. g4 Bg6 12. Nh4 Nbd7 13. Nxg6 hxg6 14. f4 Qc7 15. Bxf6 gxf6 16. f5 g5 17. Kg2 Nb6 18. Bb3 Rad8 19. c4 Kg7 20. Qf3 Rh8
21. Rh1 Qd6 22. Rad1 Qd4 23. Qf2 Rh4 24. Qxd4 Rxd4 25. Bc2 Rh8 26. Kg3 Rh4 27. a3 Nd7 28. b4 cxb4 29. axb4= c5 30. b5 Rh8=
1/2-1/2

[Event "M.SCLODOWSKA-CURIE"]
[Site "SchemingMind.com"]
[Date "2007.10.08"]
[Round "-"]
[White "Clive Everill"]
[Black "wmakos"]
[Result "0-1"]
[WhiteCountry "CZE"]
[BlackCountry "POL"]
[WhiteElo "1643"]
[WhiteRD "59"]
[BlackElo "1844"]
[BlackRD "183"]
[GameID "123742"]

1. Nf3 Nf6 2. d4 g6 3. Bg5 Bg7 4. Nc3 O-O 5. e4 d6 6. Qd2 Nc6 7. Bb5 e5 8. dxe5 Nxe5 9. Nxe5 dxe5 10. O-O c6
11. Bd3 b5 12. a3 Qb6 13. Be3 Qc7 14. f4 Ng4 15. Bc5 Rd8 16. fxe5 Qxe5 17. Be3 Qxh2#
0-1

[Event "M.SCLODOWSKA-CURIE"]
[Site "SchemingMind.com"]
[Date "2007.10.08"]
[Round "-"]
[White "Dr_Pat"]
[Black "Clive Everill"]
[Result "0-1"]
[WhiteCountry "USA"]
[BlackCountry "CZE"]
[WhiteElo "1566"]
[WhiteRD "47"]
[BlackElo "1633"]
[BlackRD "59"]
[GameID "123743"]

1. d4 f5 2. Nc3 Nf6 3. Bf4 e6 4. e3 Be7 5. Nf3 O-O 6. Be2 b6 7. O-O Bb7 8. Qd3 Ne4 9. h3 d5 10. Nb5 Nd6
11. a4 Ba6 12. Qd1 c6 13. Nxd6 Bxe2 14. Qxe2 Bxd6 15. Ng5 Qe7 16. Qh5 h6 17. Bxd6 Qxd6 18. Qg6 hxg5 19. Qxg5 Nd7 20. h4 Rf6
21. g3 Nf8 22. h5 Rh6 23. f4 Qd8
0-1

[Event "M.SCLODOWSKA-CURIE"]
[Site "SchemingMind.com"]
[Date "2007.10.09"]
[Round "-"]
[White "Lazaro"]
[Black "Clive Everill"]
[Result "1-0"]
[WhiteCountry "CUB"]
[BlackCountry "CZE"]
[WhiteElo "1874"]
[WhiteRD "51"]
[BlackElo "1677"]
[BlackRD "55"]
[GameID "123744"]

1. e4 e6 2. d4 d5 3. exd5 exd5 4. Nf3 Nc6 5. Bd3 Bg4 6. c3 Nf6 7. O-O Be7 8. Bg5 Qd7 9. Nbd2 O-O-O 10. b4 h6
11. Bh4 g5 12. Bg3 Bd6 13. b5 Ne7 14. Qa4 Kb8 15. c4 Bxg3 16. hxg3 h5 17. c5 Rhg8 18. Ne5 Qe6 19. Rab1 h4 20. Nb3 h3
21. gxh3 Bxh3 22. Rfc1 Rh8 23. Na5 Bg2 24. Kxg2 Qh3+ 25. Kf3 Qh5+ 26. Ke3 Ng4+ 27. Nxg4 Qxg4 28. Nc6+ Nxc6 29. bxc6 Rde8+ 30. Kd2 b6
31. cxb6 axb6 32. Qa6 Qc8 33. Rxb6+ cxb6 34. Qxb6+ Ka8 35. Qa5+
1-0

[Event "M.SCLODOWSKA-CURIE"]
[Site "SchemingMind.com"]
[Date "2007.10.08"]
[Round "-"]
[White "Archon"]
[Black "Clive Everill"]
[Result "1/2-1/2"]
[WhiteCountry "CAN"]
[BlackCountry "CZE"]
[WhiteElo "1753"]
[WhiteRD "50"]
[BlackElo "1643"]
[BlackRD "59"]
[GameID "123745"]

1. Nf3 d5 2. c4 d4 3. g3 c5 4. Bg2 Nc6 5. O-O Nf6 6. d3 e5 7. e3 Be7 8. Re1 O-O 9. exd4 exd4 10. Ne5 Nxe5
11. Rxe5 Bd6 12. Re1 Rb8 13. Bg5 h6 14. Bxf6 Qxf6 15. Nd2 Bf5 16. Ne4 Qg6 17. Nxd6 Qxd6 18. Qd2 b6 19. Be4 Bxe4 20. Rxe4 f5
21. Re2 f4 22. Rae1 f3 23. Re4 Qd7 24. Kh1 Rf7 25. Re5 Qh3 26. Rg1 b5 27. cxb5 Rxb5 28. b3 a5 29. Qd1 a4 30. Qf1 Qxf1
31. Rxf1 axb3 32. axb3 Rxb3 33. Rxc5 Rxd3 34. Rd5 Rd2 35. h4 d3 36. Kg1 Kh7 37. Re1 g6 38. Re3 Rd1+ 39. Kh2 Rd2 40. Kg1 Rd1+=
1/2-1/2

[Event "M.SCLODOWSKA-CURIE"]
[Site "SchemingMind.com"]
[Date "2007.10.13"]
[Round "-"]
[White "jesusch"]
[Black "Clive Everill"]
[Result "1-0"]
[WhiteCountry "ESP"]
[BlackCountry "CZE"]
[WhiteElo "1786"]
[WhiteRD "102"]
[BlackElo "1677"]
[BlackRD "55"]
[GameID "123746"]

1. e4 e5 2. Nf3 Nc6 3. Bb5 a6 4. Ba4 Nf6 5. O-O b5 6. Bb3 Bb7 7. Ng5 d5 8. exd5 Nxd5 9. Qh5 g6 10. Qf3 Qxg5
11. Bxd5 Kd7 12. d4 Qe7 13. dxe5 Nxe5 14. Qh3+ Ke8 15. Bxb7 Ra7 16. Be3 f5 17. Bxa7 c5 18. Bb8 Qxb7 19. Bxe5 Rg8 20. Nc3 a5
21. Rad1 b4 22. Rfe1 Kf7 23. Qxh7+ Bg7 24. Qh4 Bxe5 25. Rxe5 bxc3 26. Rd6 Rb8 27. Qf6+ Kg8 28. Qxg6+ Qg7 29. Re8+ Rxe8 30. Qxe8+
1-0

[Event "M.SCLODOWSKA-CURIE"]
[Site "SchemingMind.com"]
[Date "2007.10.08"]
[Round "-"]
[White "Francisco Aquino"]
[Black "Clive Everill"]
[Result "1/2-1/2"]
[WhiteCountry "BRA"]
[BlackCountry "CZE"]
[WhiteElo "1725"]
[WhiteRD "145"]
[BlackElo "1633"]
[BlackRD "59"]
[GameID "123747"]

1. e4 e6 2. d4 d5 3. exd5 exd5 4. Nf3 Nc6 5. Bb5 Bd7 6. O-O Nf6 7. Re1+ Be7 8. Bg5 Be6 9. Nc3 Qd6 10. Ne5 O-O
11. Nxc6 bxc6 12. Bd3 c5 13. dxc5 Qxc5 14. Qf3 Bg4 15. Qg3 Bh5 16. Re5 Bg6 17. Bxf6 Bxf6 18. Rxd5 Qb6 19. Rb5 Qc6 20. Nd5 Bxd3
21. Qxd3 Rfd8 22. Rd1 Rd6 23. Nxf6+ gxf6 24. Qg3+ Kh8 25. Rxd6 cxd6 26. Qb3 Kg7 27. Rh5 Re8 28. h3 Qe4 29. Qg3+ Kh8 30. Qxd6 Qe1+
31. Kh2 Qxf2 32. Qd3 Qf4+ 33. Qg3 Qd2 34. Qf3 Qd6+ 35. Qg3 Qc6 36. Qd3 Re4 37. Rd5 Qe6 38. Ra5 Re3 39. Qa6 Qe7 40. Rf5 Qc7+
41. Kh1 Re6 42. Qd3 Rd6 43. Qe2 Qd7 44. Rf1=
1/2-1/2

[Event "M.SCLODOWSKA-CURIE"]
[Site "SchemingMind.com"]
[Date "2007.10.08"]
[Round "-"]
[White "wmakos"]
[Black "Clive Everill"]
[Result "1-0"]
[WhiteCountry "POL"]
[BlackCountry "CZE"]
[WhiteElo "1690"]
[WhiteRD "112"]
[BlackElo "1677"]
[BlackRD "55"]
[GameID "123748"]

1. d4 f5 2. g3 Nf6 3. Bg2 e6 4. Nh3 Be7 5. c4 O-O 6. O-O c6 7. b3 d5 8. Nd2 Nbd7 9. Nf3 Ne4 10. cxd5 exd5
11. Ne5 Nxe5 12. dxe5 b6 13. Nf4 Bg5 14. e3 Bxf4 15. exf4 Ba6 16. Re1 Nc3 17. Qc2 Ne4 18. Bb2 Nc5 19. Ba3 Bd3 20. Qc3 Be4
21. Bxc5 bxc5 22. Qxc5 Qb6 23. Rac1 Rac8 24. Qd6 Rfd8 25. Qa3 c5 26. h4 c4 27. bxc4 Rxc4 28. Rxc4 dxc4 29. Bxe4 fxe4 30. Rxe4 Rd2
31. Qf3 Qb1+ 32. Kg2 Rd1 33. Kh2 c3 34. Rc4 h5 35. Rxc3 Rd2 36. Rc8+ Kf7 37. Qxh5+ g6 38. Qh7+ Ke6 39. Rc6+ Kd5 40. Qd7+ Ke4
41. Qxd2 Qf1 42. Rc1 Qa6 43. Re1+ Kf5 44. Qd7+
1-0

[Event "M.SCLODOWSKA-CURIE"]
[Site "SchemingMind.com"]
[Date "2007.10.08"]
[Round "-"]
[White "Bacon"]
[Black "Dr_Pat"]
[Result "0-1"]
[WhiteCountry "BER"]
[BlackCountry "USA"]
[WhiteElo "1090"]
[WhiteRD "83"]
[BlackElo "1566"]
[BlackRD "47"]
[GameID "123766"]

1. e4 c5 2. Nf3 d6 3. d4 cxd4 4. Nxd4 Nf6 5. Nc3 a6 6. Bc4 e5 7. Nf3 Be7 8. Be3 O-O 9. Ng5 Ng4 10. Nxf7 Rxf7
11. Nd5 Nxe3 12. fxe3 b5 13. Nc3 bxc4 14. Qe2 Qc7 15. O-O-O Nc6 16. Nd5 Qa5 17. Qxc4 Bb7 18. Kb1 Na7 19. Nc7 Rc8 20. Qd5 Bxd5
21. Nxd5 Bg5 22. h4 Bh6 23. a3 Rf2 24. Ne7+ Kf8 25. Nxc8 Qc5 26. Nxa7 Qxc2+ 27. Ka2 Qxb2#
0-1

[Event "M.SCLODOWSKA-CURIE"]
[Site "SchemingMind.com"]
[Date "2007.10.08"]
[Round "-"]
[White "Bacon"]
[Black "Lazaro"]
[Result "0-1"]
[WhiteCountry "BER"]
[BlackCountry "CUB"]
[WhiteElo "1087"]
[WhiteRD "88"]
[BlackElo "1900"]
[BlackRD "58"]
[GameID "123767"]

1. e4 e5 2. Nf3 Nc6 3. Bc4 Bc5 4. O-O Nf6 5. a3 d6 6. Ng5 O-O 7. Bxf7+ Rxf7 8. Nxf7 Kxf7 9. b4 Bb6 10. h3 Kg8
11. d3 Be6 12. Bg5 Qf8 13. Nc3 Bd4 14. Bd2 Qf7 15. Rb1 Qg6 16. b5 Ne7 17. a4 Bxh3 18. Kh2 Qxg2#
0-1

[Event "M.SCLODOWSKA-CURIE"]
[Site "SchemingMind.com"]
[Date "2007.10.08"]
[Round "-"]
[White "Bacon"]
[Black "Archon"]
[Result "0-1"]
[WhiteCountry "BER"]
[BlackCountry "CAN"]
[WhiteElo "1087"]
[WhiteRD "88"]
[BlackElo "1753"]
[BlackRD "50"]
[GameID "123768"]

1. e4 d6 2. Nc3 g6 3. Bc4 e6 4. Nf3 Bg7 5. d4 Nf6 6. Ng5 O-O 7. O-O d5 8. Bb5 c6 9. Bd3 Nxe4 10. Bxe4 dxe4
11. Ncxe4 Qxd4 12. Qxd4 Bxd4 13. Be3 Bxb2 14. Nf6+ Bxf6 15. h3 Bxa1 16. Rxa1 Nd7 17. a4 Nb6 18. a5 Nd5 19. c4 Ne7 20. c5 e5
21. Ra4 Bf5 22. Rb4 Rab8 23. Rh4 h5 24. Rb4 Rfd8 25. Rb1 Bxb1 26. Ne4 Bxe4 27. f3 Bf5 28. g4 hxg4 29. fxg4 Be4 30. Bg5 Rd1+
31. Kf2 Kf8 32. Bf6 Rbd8 33. h4 R8d2+ 34. Ke3 Nd5+ 35. Kxe4 Nxf6+ 36. Kxe5 Nd5 37. h5 f6+ 38. Ke6 Re1+ 39. Kd6 Nb6+ 40. Kc7 Re7+
41. Kb8 Rd8+ 42. Kxa7 Ra8+ 43. Kxb6 Ra6#
0-1

[Event "M.SCLODOWSKA-CURIE"]
[Site "SchemingMind.com"]
[Date "2007.10.08"]
[Round "-"]
[White "Bacon"]
[Black "Clive Everill"]
[Result "0-1"]
[WhiteCountry "BER"]
[BlackCountry "CZE"]
[WhiteElo "1087"]
[WhiteRD "88"]
[BlackElo "1643"]
[BlackRD "59"]
[GameID "123769"]

1. e4 c6 2. d4 d5 3. Nc3 dxe4 4. Nxe4 Nd7 5. Nf3 Ngf6 6. Bd3 Nxe4 7. Bxe4 Nf6 8. Qd3 e6 9. O-O Be7 10. h3 Bd7
11. Bf4 Nxe4 12. Qxe4 f5 13. Qe5 Bf6 14. Qd6 Be7 15. Qe5 O-O 16. Ng5 Bxg5 17. Bxg5 Qxg5 18. Qc7 Bc8 19. Rae1 Rf7 20. Qg3 Qd2
21. Qd3 Qxd3 22. cxd3 b6 23. Rc1 Bb7 24. Rfe1 Rd8 25. Rxe6 Rxd4 26. Rd1 c5 27. Re8+ Rf8 28. Re7 Ba6 29. Rde1 Rxd3 30. Rxa7 Bc4
31. Ree7 Bf7 32. Rab7 Rd2 33. Rxb6 Bxa2 34. Rbb7 Bf7 35. b4 Rb2 36. b5 c4 37. b6 c3 38. Rec7 c2 39. Ra7 Rxb6 40. Rxc2 g5
41. Rc5 Bg6 42. Rac7 g4 43. hxg4 fxg4 44. g3 Rb2 45. Rc8 Rxf2 46. Rxf8+ Rxf8 47. Rg5 Kg7 48. Rxg4 h5 49. Rf4 Rd8 50. g4 Rd1+
51. Kh2 Rd2+ 52. Kh3 hxg4+ 53. Kxg4 Kh6 54. Rf6 Rg2+ 55. Kf4 Kg7 56. Ke5 Re2+ 57. Kf4 Kxf6 58. Kg3 Kg5 59. Kf3 Re4 60. Kg3 Rf4
61. Kg2 Kh4 62. Kh2 Rf2+ 63. Kg1 Kg3 64. Kh1 Rf1#
0-1

[Event "M.SCLODOWSKA-CURIE"]
[Site "SchemingMind.com"]
[Date "2007.10.13"]
[Round "-"]
[White "Bacon"]
[Black "jesusch"]
[Result "0-1"]
[WhiteCountry "BER"]
[BlackCountry "ESP"]
[WhiteElo "1084"]
[WhiteRD "93"]
[BlackElo "1786"]
[BlackRD "102"]
[GameID "123770"]

1. e4 c5 2. d4 cxd4 3. Nf3 e5 4. Nxe5 Qa5+ 5. c3 Qxe5 6. cxd4 Bb4+ 7. Nc3 Qxe4+ 8. Be3 Nf6 9. a3 Bxc3+ 10. bxc3 O-O
11. h3 Re8 12. f3 Qxe3+ 13. Be2 Qxc3+ 14. Kf1 Nd5 15. Kf2 Qe3+ 16. Kg3 Qxe2 17. Qxe2 Rxe2 18. Rae1 Rxe1 19. Rxe1 Kf8 20. Rc1 Nc6
21. Rd1 d6 22. a4 Bf5 23. Kh4 Re8 24. g4 Bc2 25. Ra1 Re3 26. Kg3 Nxd4 27. Kf2 Rxf3+ 28. Ke1 Ne3 29. Kd2 Nb3+ 30. Ke2 Nxa1
31. Kxf3 Nc4 32. Kf2 d5 33. Ke2 d4
0-1

[Event "M.SCLODOWSKA-CURIE"]
[Site "SchemingMind.com"]
[Date "2007.10.08"]
[Round "-"]
[White "Bacon"]
[Black "Francisco Aquino"]
[Result "0-1"]
[WhiteCountry "BER"]
[BlackCountry "BRA"]
[WhiteElo "1090"]
[WhiteRD "83"]
[BlackElo "1725"]
[BlackRD "145"]
[GameID "123771"]

1. e4 e5 2. Nc3 Nf6 3. Nf3 Nc6 4. Bc4 Be7 5. Ng5 O-O 6. O-O d6 7. Nxf7 Rxf7 8. Bxf7+ Kxf7 9. d3 Bg4 10. f3 Bh5
11. g4 Bg6 12. Bg5 Qd7 13. Nd5 Nxd5 14. Bxe7 Ndxe7 15. h4 Kg8 16. h5 Bf7 17. Kg2 Rf8 18. Kg3 h6 19. f4 exf4+ 20. Rxf4 Ne5
21. d4 Nc4 22. b3 Nb6 23. c4 Be6 24. Rxf8+ Kxf8 25. d5 Bf7 26. Qf3 Ng8 27. Rf1 Nf6 28. Qf4 Kg8 29. g5 Nxh5+ 30. Kh4 Nxf4
31. Rxf4 hxg5+ 32. Kxg5 Qh3 33. a4 Qh5#
0-1

[Event "M.SCLODOWSKA-CURIE"]
[Site "SchemingMind.com"]
[Date "2007.10.08"]
[Round "-"]
[White "Bacon"]
[Black "wmakos"]
[Result "0-1"]
[WhiteCountry "BER"]
[BlackCountry "POL"]
[WhiteElo "1084"]
[WhiteRD "93"]
[BlackElo "1690"]
[BlackRD "112"]
[GameID "123772"]

1. e4 e6 2. d4 d5 3. e5 c5 4. Nf3 Qb6 5. Bf4 Qxb2 6. Nbd2 cxd4 7. Nb3 Bb4+ 8. Bd2 Bxd2+ 9. Nfxd2 d3 10. Bxd3 Qxe5+
11. Qe2 Qd6 12. O-O Nf6 13. g3 O-O 14. Nf3 b6 15. Nbd4 Nbd7 16. Nb5 Qe7 17. Nc7 Rb8 18. Ne5 Nc5 19. Nb5 Nxd3 20. Qxd3 Ba6
21. Nc6 Qe8 22. Nxb8 Bxb5 23. c4 Bxc4 24. Qc3 Qxb8 25. Rfd1 Ne4 26. Qb4 Nc5 27. Qc3 e5 28. a3 e4 29. Qd4 Nb3 30. Qe3 Nxa1
31. Rxa1 Qe5 32. a4 Qxa1+ 33. Kg2 Qf1#
0-1

[Event "M.SCLODOWSKA-CURIE"]
[Site "SchemingMind.com"]
[Date "2007.10.08"]
[Round "-"]
[White "Dr_Pat"]
[Black "Bacon"]
[Result "1-0"]
[WhiteCountry "USA"]
[BlackCountry "BER"]
[WhiteElo "1566"]
[WhiteRD "47"]
[BlackElo "1090"]
[BlackRD "83"]
[GameID "123773"]

1. d4 d5 2. c4 Nf6 3. Nf3 Nc6 4. cxd5 Nxd5 5. e4 Ndb4 6. d5 Na5 7. Qa4+ Bd7 8. Qxb4 b6 9. Qc3 c5 10. Be2 e6
11. O-O Bd6 12. e5 Bb8 13. Bg5 Qc8 14. Nbd2 exd5 15. e6 Bxe6 16. Qxg7 Kd7 17. Bb5+ Nc6 18. Ne5+ Kd6 19. Ndc4+ dxc4 20. Rad1+ Nd4
21. Nxc4+ Kd5 22. g3 Bg4 23. Bf4 Bxd1 24. Qg5+ Ke4 25. Nd2#
1-0

[Event "M.SCLODOWSKA-CURIE"]
[Site "SchemingMind.com"]
[Date "2007.10.09"]
[Round "-"]
[White "Lazaro"]
[Black "Bacon"]
[Result "1-0"]
[WhiteCountry "CUB"]
[BlackCountry "BER"]
[WhiteElo "1874"]
[WhiteRD "51"]
[BlackElo "1084"]
[BlackRD "93"]
[GameID "123774"]

1. e4 e5 2. Nf3 Nc6 3. d4 exd4 4. Nxd4 Qf6 5. Be3 Bc5 6. c3 b5 7. Bxb5 a6 8. Bxc6 Bxd4 9. Bxa8 c6 10. Bxd4 Qd6
11. Bxg7 Qxd1+ 12. Kxd1 Ne7 13. Bxh8 d6 14. Bf6 c5 15. Bxe7 Kxe7 16. Nd2 Ke6 17. f4 f5 18. g3 h5 19. exf5+ Kxf5 20. Bg2 Be6
21. Bh3+ Kf6 22. Bxe6 Kxe6 23. Nf3 Kf5 24. h3 Ke4 25. Ke2 c4 26. b3 d5 27. bxc4 a5 28. c5 Kf5 29. c6 Ke6 30. f5+ Ke7
31. g4 hxg4 32. hxg4 Kd8 33. Rh7 Ke8 34. c7
1-0

[Event "M.SCLODOWSKA-CURIE"]
[Site "SchemingMind.com"]
[Date "2007.10.08"]
[Round "-"]
[White "Archon"]
[Black "Bacon"]
[Result "1-0"]
[WhiteCountry "CAN"]
[BlackCountry "BER"]
[WhiteElo "1710"]
[WhiteRD "51"]
[BlackElo "1090"]
[BlackRD "83"]
[GameID "123775"]

1. Nf3 Nf6 2. c4 d5 3. g3 Nc6 4. b3 d4 5. Bg2 e5 6. Bb2 Bd6 7. d3 O-O 8. O-O Bg4 9. Ba3 e4 10. dxe4 Nxe4
11. Bxd6 Qxd6 12. Nfd2 d3 13. Nf3 Nb4 14. Nbd2 Qd4 15. Nxd4 Rae8 16. Nxe4 a5 17. f3 Nc2 18. Nxc2 dxc2 19. Qxc2 Bf5 20. Nf6+ gxf6
21. Qxf5 Rxe2 22. Rf2 Re5 23. Qxf6 Re6 24. Qxe6 fxe6 25. f4 b6 26. Rd1 Kg7 27. Rfd2 Kf6 28. Rd7 Rf7 29. Rxf7+ Kxf7 30. Rd7+ Ke8
31. Rxh7 Kd8 32. Bc6 a4 33. g4 axb3 34. axb3 b5 35. g5 bxc4 36. g6 cxb3 37. Rd7+ Ke8 38. g7
1-0

[Event "M.SCLODOWSKA-CURIE"]
[Site "SchemingMind.com"]
[Date "2007.10.08"]
[Round "-"]
[White "Clive Everill"]
[Black "Bacon"]
[Result "1-0"]
[WhiteCountry "CZE"]
[BlackCountry "BER"]
[WhiteElo "1633"]
[WhiteRD "59"]
[BlackElo "1090"]
[BlackRD "83"]
[GameID "123776"]

1. e4 e5 2. f4 Nc6 3. Nf3 Nf6 4. Nc3 d5 5. Bb5 Bc5 6. Bxc6+ bxc6 7. d4 exd4 8. Nxd4 dxe4 9. Be3 Bg4 10. Qd2 O-O
11. h3 Bd7 12. O-O-O h6 13. g4 Qe8 14. g5 hxg5 15. fxg5 Bxd4 16. Bxd4 Nd5 17. Nxd5 cxd5 18. Qc3 Kh7 19. Bxg7 Rg8 20. Bh6 Qe6
21. Qxc7 f6 22. h4 f5 23. Qf4 a5 24. Rhg1 Be8 25. Qc7+ Kg6 26. Rd4 Bb5 27. a4 Rgc8 28. Qg7+ Kh5 29. axb5 Rg8 30. Qb7 e3
31. Rxd5 Rad8 32. Rxd8 Rxd8 33. Qf3+ Kg6 34. h5+ Kh7 35. Qf4 e2 36. g6+ Kg8 37. Qe3 Qxe3+ 38. Bxe3 Re8 39. Bd2 Kg7 40. h6+ Kh8
41. Bc3+ Kg8 42. h7+ Kf8 43. g7+ Kf7 44. g8=Q+ Rxg8 45. hxg8=Q+ Ke7 46. Rg7+ Kd6 47. Qd8+ Kc5 48. Qd4+ Kxb5 49. Rb7+ Ka6 50. Qb6#
1-0

[Event "M.SCLODOWSKA-CURIE"]
[Site "SchemingMind.com"]
[Date "2007.10.13"]
[Round "-"]
[White "jesusch"]
[Black "Bacon"]
[Result "1-0"]
[WhiteCountry "ESP"]
[BlackCountry "BER"]
[WhiteElo "1739"]
[WhiteRD "93"]
[BlackElo "1157"]
[BlackRD "95"]
[GameID "123777"]

1. e4 e5 2. Nf3 Nf6 3. Nxe5 Nxe4 4. Qe2 Nc6 5. Nxc6 bxc6 6. Qxe4+ Be7 7. Nc3 d5 8. Qa4 Qd7 9. d4 O-O 10. Bd3 h6
11. O-O c5 12. Qxd7 Bxd7 13. Nxd5 Bd6 14. dxc5 Bxc5 15. Nxc7 Rac8 16. Bf4 g5 17. Bg3 f5 18. Be5 Bb6 19. Nd5 Kf7 20. Nxb6 axb6
21. Rad1 Rfe8 22. Bd4 Kg6 23. Bxb6 Re6 24. b3 Rxb6 25. Rfe1 Ra6 26. a4 Ra5 27. Re7 Be8 28. f3 Kf6 29. Rde1 Kg6 30. Rxe8 Rxe8
31. Rxe8 Kg7 32. Re6 Kf7 33. Ra6 Rxa6 34. Bxa6 f4 35. b4 Ke7 36. c4 Kd7 37. Kf2 Kc7 38. c5 h5 39. b5 Kb8 40. b6 g4
41. fxg4 hxg4 42. c6 g3+ 43. hxg3 fxg3+ 44. Kxg3 Ka8 45. a5 Kb8 46. c7+ Ka8 47. c8=Q#
1-0

[Event "M.SCLODOWSKA-CURIE"]
[Site "SchemingMind.com"]
[Date "2007.10.08"]
[Round "-"]
[White "Francisco Aquino"]
[Black "Bacon"]
[Result "1-0"]
[WhiteCountry "BRA"]
[BlackCountry "BER"]
[WhiteElo "1725"]
[WhiteRD "145"]
[BlackElo "1090"]
[BlackRD "83"]
[GameID "123778"]

1. e4 Nf6 2. Nc3 e5 3. Nf3 Nc6 4. Bb5 a6 5. Bxc6 bxc6 6. O-O Bc5 7. Nxe5 Qe7 8. d4 Bd6 9. Bf4 O-O 10. Re1 h6
11. Qf3 g5 12. Bg3 Bb7 13. Ng4 Bxg3 14. Nxh6+ Kh7 15. Nf5 g4 16. Qxg3 Qe6 17. Qh4+ Kg8 18. Qg5+ Kh7 19. Qg7#
1-0

[Event "M.SCLODOWSKA-CURIE"]
[Site "SchemingMind.com"]
[Date "2007.10.08"]
[Round "-"]
[White "wmakos"]
[Black "Bacon"]
[Result "0-1"]
[WhiteCountry "POL"]
[BlackCountry "BER"]
[WhiteElo "1570"]
[WhiteRD "101"]
[BlackElo "1157"]
[BlackRD "95"]
[GameID "123779"]

1. e4 e5 2. Nf3 Nc6 3. Bb5 a6 4. Ba4 b5 5. Bb3 d6 6. O-O Nd4 7. Nxd4 exd4 8. Qf3 Be7 9. Bxf7+ Kd7 10. Qf5+ Kc6
11. Qd5+ Kb6 12. Qxa8 Bb7 13. Qxd8 Bxd8 14. c3 Nh6 15. Bd5 Bxd5 16. exd5 Kc5 17. a4 Kxd5 18. axb5 axb5 19. Ra8 Nf7 20. Na3 g5
21. Nxb5 c6 22. Nxd4 c5 23. Nc2 Bb6 24. Rxh8 Nxh8 25. Ne3+ Kc6 26. Nc4 Bc7 27. Re1 Ng6 28. g3 d5 29. Ne3 Ne5 30. Kg2 Nd3
31. Rf1 h5 32. b3 h4 33. Nf5 Kb5 34. gxh4 gxh4 35. Nxh4 c4 36. Ng6 Kc5 37. h4 Ne5 38. Nxe5 Bxe5 39. bxc4 Kxc4 40. f4 Bf6
41. h5 Kb3 42. h6 Kc2 43. h7 Kd3 44. Kf3 d4 45. cxd4 Bxd4 46. Kg4 Ke2 47. Rh1 Kd3
0-1

[Event "M.SCLODOWSKA-CURIE"]
[Site "SchemingMind.com"]
[Date "2007.10.08"]
[Round "-"]
[White "peeuukoo"]
[Black "Dr_Pat"]
[Result "1-0"]
[WhiteCountry "FIN"]
[BlackCountry "USA"]
[WhiteElo "1975"]
[WhiteRD "83"]
[BlackElo "1566"]
[BlackRD "47"]
[GameID "123817"]

1. d4 Nf6 2. c4 e6 3. Nf3 d5 4. Bg5 Bb4+ 5. Bd2 Be7 6. Nc3 O-O 7. cxd5 exd5 8. Qc2 c5 9. dxc5 Bxc5 10. e3 Nc6
11. a3 Bg4 12. Be2 Re8 13. O-O Ne4 14. Nxe4 dxe4 15. Nd4 Nxd4 16. exd4 Bxe2 17. dxc5 Bxf1 18. Rxf1 Rc8 19. Rc1 Qd7 20. h3 Re5
21. Be3 b6 22. b4 bxc5 23. Bxc5 a6 24. Re1 f5 25. Rd1 Rd5 26. Qc4
1-0

[Event "M.SCLODOWSKA-CURIE"]
[Site "SchemingMind.com"]
[Date "2007.10.08"]
[Round "-"]
[White "peeuukoo"]
[Black "Lazaro"]
[Result "1-0"]
[WhiteCountry "FIN"]
[BlackCountry "CUB"]
[WhiteElo "1990"]
[WhiteRD "87"]
[BlackElo "1900"]
[BlackRD "58"]
[GameID "123818"]

1. d4 d5 2. c4 c6 3. Nc3 e6 4. cxd5 exd5 5. Nf3 Bd6 6. e3 Ne7 7. Bd3 O-O 8. O-O Bg4 9. Bxh7+ Kh8 10. Bd3 g6
11. Be2 Kg7 12. h3 Bd7 13. e4 dxe4 14. Nxe4 Bc7 15. Qb3 b6 16. Bd2 Rh8 17. Bg5 Qe8 18. Bf6+
1-0

[Event "M.SCLODOWSKA-CURIE"]
[Site "SchemingMind.com"]
[Date "2007.10.08"]
[Round "-"]
[White "peeuukoo"]
[Black "Archon"]
[Result "1-0"]
[WhiteCountry "FIN"]
[BlackCountry "CAN"]
[WhiteElo "1975"]
[WhiteRD "83"]
[BlackElo "1710"]
[BlackRD "51"]
[GameID "123819"]

1. d4 d6 2. e4 Nf6 3. f3 d5 4. e5 Ng8 5. c4 e6 6. Nc3 dxc4 7. Bxc4 c5 8. Bb5+ Bd7 9. dxc5 Bxc5 10. Qd3 Bxg1
11. Rxg1 Qb6 12. Be3 Qd8 13. Rd1 a6 14. Bxd7+ Nxd7 15. Qe4 Ne7 16. Qxb7 Rb8 17. Qxa6 Rxb2 18. Qa3 Rb7 19. Bc5
1-0

[Event "M.SCLODOWSKA-CURIE"]
[Site "SchemingMind.com"]
[Date "2007.10.08"]
[Round "-"]
[White "peeuukoo"]
[Black "Bacon"]
[Result "1-0"]
[WhiteCountry "FIN"]
[BlackCountry "BER"]
[WhiteElo "1975"]
[WhiteRD "83"]
[BlackElo "1090"]
[BlackRD "83"]
[GameID "123820"]

1. d4 d5 2. c4 Nf6 3. Nf3 dxc4 4. Nc3 Bf5 5. Qa4+ Bd7 6. Qxc4 Be6 7. Qb5+ Bd7 8. Qxb7 Bc6 9. Qb3 Bxf3 10. exf3 e6
11. Bd3 Nc6 12. Bb5 Rb8 13. Bxc6+ Nd7 14. Qa4 Bd6 15. a3 h6 16. g3 a5 17. O-O Qe7 18. Ne4 Rb6 19. Bd2 f5 20. Nc5 Rxb2
21. Bxd7+ Kf7 22. Bxe6+ Kf6 23. Bc3 Bxc5 24. Bxb2 Kxe6 25. Rfe1+ Kf6 26. Rxe7 Bxe7 27. d5+ Kg6 28. Re1 Rb8 29. Rxe7 Rxb2 30. Qd4 Rc2
31. Rxg7+ Kh5 32. g4+ Kh4 33. gxf5+
1-0

[Event "M.SCLODOWSKA-CURIE"]
[Site "SchemingMind.com"]
[Date "2007.10.09"]
[Round "-"]
[White "peeuukoo"]
[Black "Clive Everill"]
[Result "1-0"]
[WhiteCountry "FIN"]
[BlackCountry "CZE"]
[WhiteElo "1975"]
[WhiteRD "83"]
[BlackElo "1633"]
[BlackRD "59"]
[GameID "123821"]

1. d4 f5 2. c4 Nf6 3. Nc3 e6 4. Bg5 Be7 5. Bxf6 Bxf6 6. e4 O-O 7. Nf3 b6 8. Bd3 fxe4 9. Nxe4 Bb7 10. Ne5 Nc6
11. Qh5 h6 12. Nxf6+ Rxf6 13. Ng4 Rf7 14. Bg6 Qe7 15. Bxf7+ Qxf7 16. Qxf7+ Kxf7 17. Rd1 Nb4 18. O-O Nxa2 19. Ne5+ Ke7 20. Nd3 a5
21. Ra1 Nb4 22. Nxb4 axb4 23. Rxa8 Bxa8 24. f3 c5 25. Rd1 Bc6 26. Kf2 d5 27. b3 Kd6 28. f4 b5 29. cxb5 Bxb5 30. dxc5+ Kxc5
31. Ke3 g6 32. Rc1+ Kd6 33. Kd4 Be2 34. Ra1 Bb5 35. Ra5 Bf1 36. Ra4 Bxg2 37. Rxb4 g5 38. Rb6+ Ke7 39. fxg5 hxg5 40. Ke5 Bh3
41. Rb7+ Kd8 42. Rg7 g4 43. Kxe6 g3+ 44. Kd6 Kc8 45. hxg3 Bg2 46. Kc5 Be4 47. g4 Kd8 48. b4 Ke8 49. b5 Kf8 50. Rd7 Bf3
51. g5 Ke8 52. Rxd5
1-0